[Event "CZE-ch U10"]
[Site "Teplice"]
[Date "2023.11.15"]
[Round "2"]
[White "Zajacova, Zuzana"]
[Black "Tomes, Jan"]
[Result "0-1"]
[WhiteElo "1000"]
[BlackElo "1050"]
[PlyCount "66"]
[EventDate "2023.11.15"]
[EventType "swiss"]
[EventRounds "9"]
[EventCountry "CZE"]
[SourceTitle "CB47_2023"]
[SourceDate "2023.11.22"]
[SourceVersion "1"]
[SourceVersionDate "2023.11.22"]
[SourceQuality "1"]

1. e4 e5 2. Nf3 Nc6 3. Nc3 Nf6 4. Bc4 Bc5 5. 0-0 0-0 6. d3 h6 7. Be3 Bb6 8. h3 d6 9. Nd5 Nxd5 10. Bxd5 Bxe3 11. fxe3 Ne7 12. Bc4 c6 13. Bb3 Ng6 14. d4 Qb6 15. a4 Qc7 16. Qd3 Be6 17. Bxe6 fxe6 18. Qb3 Qd7 19. d5 exd5 20. exd5 c5 21. Qc4 Rf7 22. b4 Rc8 23. Qb3 b6 24. Rac1 Qb7 25. Rfd1 Qe7 26. e4 Nh4 27. g3 Nxf3+ 28. Kg2 Ng5 29. Re1 Rcf8 30. Re2 Qd7 31. Rh1 Rf6 32. Qe3 Rf1 33. Rh2 cxb4 0-1